Marketing Management. (Record no. 2746)

MARC details
005 - DATE AND TIME OF LATEST TRANSACTION
control field 20250527140150.0
020 ## - INTERNATIONAL STANDARD BOOK NUMBER
International Standard Book Number 81-203-1609-6
082 ## - DEWEY DECIMAL CLASSIFICATION NUMBER
Classification number 658.8 KOT
100 ## - MAIN ENTRY--PERSONAL NAME
Author name KOTLER, P.
245 ## - TITLE STATEMENT
Title Marketing Management.
250 ## - EDITION STATEMENT
Edition statement 10th Ed
260 ## - PUBLICATION, DISTRIBUTION, ETC.
Place of publication, distribution, etc. New Delhi,
Name of publisher, distributor, etc. Prentice-Hall,
Date of publication, distribution, etc. 2001.
300 ## - PHYSICAL DESCRIPTION
Extent xxxi, 850p.: ill.; figure, picture, table
Other physical details Index
Dimensions 26cm.
942 ## - ADDED ENTRY ELEMENTS (KOHA)
Source of classification or shelving scheme Dewey Decimal Classification
Koha item type Books
Holdings
Date last seen Total checkouts Full call number Barcode Cost, replacement price Price effective from Koha item type Lost status Source of classification or shelving scheme Damaged status Not for loan Withdrawn status Home library Current library Shelving location Date acquired Cost, normal purchase price Source of acquisition
06/29/2025   658.8 KOT DOM0004247 135000.00 06/29/2025 Books   Dewey Decimal Classification       CBE Dodoma CBE Dodoma General Collection 06/03/2009 45000.00 Library budget
06/29/2025   658.8 KOT DOM0004279 135000.00 06/29/2025 Books   Dewey Decimal Classification       CBE Dodoma CBE Dodoma General Collection 06/03/2009 45000.00 Library budget
06/29/2025   658.8KOT DOM0004413 255000.00 06/29/2025 Books   Dewey Decimal Classification       CBE Dodoma CBE Dodoma General Collection 06/29/2009 85000.00  
05/27/2025   658.8 KOT 00000010293 135000.00 05/27/2025 Books   Dewey Decimal Classification       College of Business Education Main Library College of Business Education Main Library General Collection 02/10/2015 45000.00